Statistiques concernant Tous Les Hymnes des Enfoirés

Cliquez ici pour prendre le quiz!

Statistiques générales

  • Ce quiz a été pris 24 fois
  • Le résultat moyen est 10 sur 39

Statistiques - réponses

AnnéeAuteur / CompositeurArtiste original (adaptation de)Réponse% Correct
1889Jean-Jacques GoldmanLa chanson des restos
59%
2013Jean-Jacques GoldmanAttention au départ
55%
2009Jean-Jacques GoldmanStatus QuoIci les Enfoirés
55%
2015Jean-Jacques GoldmanToute la vie
45%
2014Jean-Jacques Goldman et Frédérix ChateauLa chanson du bénévole
41%
2012Jean-Jacques Goldman et GrégoireEncore un autre hiver
36%
2017Grégoire et MC SolaarJuste une p'tite chanson
36%
2008Françoise HardyL'amitié
36%
2016Marc Lavoine et Richard MortierPaul EluardLiberté
36%
2019VianneyOn trace
36%
2023AmirRêvons
36%
2001Laurent VoulzyLe pouvoir des fleurs
32%
2021SlimaneMaintenant
32%
2018SopranoOn fait le show
32%
2020Boulevard des Airs et TibzÀ côté de toi
27%
2000Florent PagnyChanter
27%
2022Jacques VenerusoIl y aura toujours un rendez-vous
27%
2004Daniel BalavoineTous les cris les SOS
27%
2006Alain ChamfortLe temps qui court
23%
1994TéléphoneUn autre monde
23%
2008GoldVille de lumière
23%
2007Louis Aragon et Jean FerratAimer à perdre la raison
18%
1992Georges BrassensChanson pour l'auvergnat
18%
2011Mickaël FurnonIndochineOn demande pas la lune
18%
1995Michel PolnareffOn ira tous au paradis
18%
2002Mylène FarmerRêver
18%
1997Laurent VoulzyRockollection
18%
2010GrégoireTa main
18%
2004Gérard BlancUne autre histoire
18%
2011Jean-Jacques GoldmanPhil CollinsUn jour de plus au Paradis
18%
2000Jean-Jacques GoldmanAu bout de mes rêves
14%
1998Florent PagnyBienvenue chez moi
14%
1996HairLaissons entrer le soleil
14%
1993StarmaniaLe monde est stone
14%
1997Daniel BalavoineSauver l'amour
14%
2003Raymond LévesqueQuand les hommes vivront d'amour
9%
2010Jean-Jacques Goldman et BénabarKissSi l'on aimait si
5%
2005Francis CabrelTout le monde y pense
5%
1999Charles AznavourEmmener-moi
0%

Distribution des résultats

Percentile par nombre de réponses

% des personnes avec chaque résultat

Votre développement - résultats

Vous n’avez pas pris ce quiz